Destination Z <the> history of the future

Salvato in:
Dettagli Bibliografici
Autore principale: Baldock, Robert
Natura: Libro
Lingua:inglese
Pubblicazione: Chichester John Wiley & Sons 1999
Soggetti:
Tags: Aggiungi Tag
Nessun Tag, puoi essere il primo ad aggiungerne!!

MARC

LEADER 00000nam a2200000 4500
001 c115534
005 20221221082008.7
020 |a 0-471-98462-0 
041 0 |a eng 
044 |a GB 
245 1 0 |a Destination Z  |b <the> history of the future  |c Robert Baldock 
264 1 |a Chichester  |b John Wiley & Sons  |c 1999 
300 |a 259 s. 
610 2 0 |a podnik 
610 2 0 |a organizácia 
610 2 0 |a obchod 
610 2 0 |a zmeny organizačné 
610 2 0 |a zmeny štruktúrne 
610 2 0 |a politika obchodná 
610 2 0 |a politika podnikania 
610 2 0 |a stratégia podniková 
610 2 0 |a zmeny technologické 
610 2 0 |a plánovanie cieľové 
610 2 0 |a plánovanie podnikové 
610 2 0 |a prognózy 
610 2 0 |a štúdie prípadové 
100 1 |a Baldock, Robert